000 00965cam a2200277 a 4500
999 _c156
_d156
001 14480916
003 OSt
005 20260311020118.0
008 060804s2006 stka 001 0 eng
010 _a 2006280114
020 _a9780443068508
020 _a044306850X
040 _aDLC
_cDLC
_dDLC
082 0 0 _aQS 504 W566 2006
100 _aBarbara Young [et...al]
_912511
245 0 0 _aWheater's Functional Histology:a text and colour atlas
_c.
250 _a5th ed.
260 _a[Edinburgh?] :
_bChurchill Livingstone/Elsevier,
_c2006.
300 _ax, 437 p. :
_bcol. ill. ;
_c30 cm.
500 _aIncludes index.
650 0 _aHistology atlas
_9194
856 4 1 _3Table of contents only
_uhttp://www.loc.gov/catdir/toc/fy0614/2006280114.html
906 _a7
_bcbc
_corigcop
_d2
_encip
_f20
_gy-gencatlg
942 _2z
_cB_BANK
_01